LEADER 01242nam2-2200385---450- 001 990003370290203316 005 20100210131503.0 010 $a978-88-368-0662-7 035 $a000337029 035 $aUSA01000337029 035 $a(ALEPH)000337029USA01 035 $a000337029 100 $a20100210h2001----km-y0itay50------ba 101 $aita 102 $aIT 105 $a||||||||001yy 200 1 $a<<1. :>> Dalle origini al Seicento$fa cura di Luciana Stegagno Picchio 210 $aFirenze-Antella$cPassigli$d2001 215 $a652 p.$d21 cm 300 $aIn testa al front. : Civiltà letteraria dei paesi di espressione portoghese 461 0$1001000337026$12001$a<> Portogallo 606 0 $aCiviltà$yPortogallo$zOrigini-Sec. 17.$2BNCF 676 $a869.09 702 1$aSTEGAGNO PICCHIO,$bLuciana 801 0$aIT$bsalbc$gISBD 912 $a990003370290203316 951 $aVI.6.B. 65 1$b3142 L.G.$cVI.6.$d00255901 951 $aVI.6.B. 65 1a$b3141 L.G.$cVI.6.$d00255902 959 $aBK 969 $aUMA 979 $aPAOLA$b90$c20100210$lUSA01$h1235 979 $aPAOLA$b90$c20100210$lUSA01$h1236 979 $aPAOLA$b90$c20100210$lUSA01$h1315 996 $aDalle origini al Seicento$9748442 997 $aUNISA LEADER 01884nam0 22004693i 450 001 TSA1419485 005 20251003044416.0 010 $a9780674047976 100 $a20170215d2013 ||||0itac50 ba 101 | $aeng 102 $aus 181 1$6z01$ai $bxxxe 182 1$6z01$an 183 1$6z01$anc$2RDAcarrier 200 1 $aEvolution, games and God$ethe principle of cooperation$fedited by Martin A. Nowak, Sarah Coakley 210 $aCambridge (Mass.)$aLondon$cHarvard University press$d2013 215 $aXII, 400 p.$d25 cm. 606 $aEvoluzione$xFilosofia$2FIR$3CFIC199352$9N 606 $aEvoluzione$xSociologia$2FIR$3NAPC304920$9I 606 $aCooperazione$2FIR$3CFIC002086$9E 676 $a302$9Interazione sociale$v14 676 $a302.14$9PARTECIPAZIONE SOCIALE$v22 696 $aPensiero filosofico$aConcezione filosofica$aOrigine della specie$aEvoluzione biologica 696 $aAspetti sociali$aAspetti socio-culturali$aOrigine della specie$aEvoluzione biologica 699 $aFilosofia$zPensiero filosofico 699 $aFilosofia$zConcezione filosofica 699 $aEvoluzione$zOrigine della specie 699 $aEvoluzione$yEvoluzione biologica 699 $aSociologia$zAspetti sociali 699 $aSociologia$zAspetti socio-culturali 699 $aEvoluzione$zOrigine della specie 699 $aEvoluzione$yEvoluzione biologica 702 1$aCoakley$b, Sarah$3UFIV117236 702 1$aNowak$b, Martin A.$3UFIV145120$4340 801 3$aIT$bIT-000000$c20170215 850 $aIT-BN0095 901 $bNAP 01$cSALA DING $n$ 912 $aTSA1419485 950 0$aBiblioteca Centralizzata di Ateneo$b1 v.$c1 v.$d 01SALA DING 302 EVOGAG$e 0102 0000101595 VMA A4 1 v.$fY $h20170512$i20170213 977 $a 01 996 $aEvolution, games and God$91400278 997 $aUNISANNIO